000 00388nam a22001577a 4500
003 MPLRDC
005 20220104124654.0
008 210129b ||||| |||| 00| 0 eng d
082 _a047 SM v.3
100 _a史明等译
245 _a儿童百科全书. 三
_c
260 _a
_b湖南少年儿童出版社
_c
300 _b
650 _a儿童百科全书
942 _cBK
_o047 SM v.3
999 _c21208
_d21198